000 00481cam a2200193 4500
001 D6380
008 090401t1956 xxu||||| |||| 00| 0 eng d
035 _a(Sirsi) u495
041 _aeng
050 _a526.9
100 _aKissam, Philip
245 _aSurveying instruments and methods for surveys of limited extent
250 _a2nd
260 _aNew York
_bMcGraw-Hill Book Company
_c1956
300 _aviii. 482p. 23cm
350 _a0
942 _n0
948 _c04/03/1997
999 _c85562
_d85562